000 00674nam a2200193Ia 4500
008 151121s9999||||xx |||||||||||||| ||und||
082 _a920/टण्डन
082 _bHNW-27505
100 _aटण्डन शिवनारायण
245 _aजीवनी की झलक
260 _b"महाराष्ट्र राष्ट्रभाषा सभा, पुणें।"
260 _c--
300 _a115
600 _aटण्डन शिवनारायण
630 _aजीवनी की झलक
700 _aटण्डन शिवनारायण
730 _aजीवनी की झलक
942 _cBOOK
999 _c1223492
_d1223489